History Quiz

Random History or Politics Quiz

Members of the Supreme Court Quiz Stats

 Plays Quiz Updated Jun 15, 2017

Challenge
Share
Tweet
Score 0/9 Timer 02:00
12 Plays Today
% Correct
Ruth Bader Ginsburg
94.9%
Clarence Thomas
94.5%
Sonia Sotomayor
91.9%
Elena Kagan
91.7%
Neil Gorsuch
90.7%
John G. Roberts, Jr.
88%
Samuel Alito, Jr.
76.8%
Stephen G. Breyer
74.8%
Anthony M. Kennedy
73%

You're not logged in!

Compare scores with friends on all Sporcle quizzes.
Join for Free
OR
Log In

You Might Also Like...

Show Comments

Extras

Top Quizzes Today


Score Distribution

Your Account Isn't Verified!

In order to create a playlist on Sporcle, you need to verify the email address you used during registration. Go to your Sporcle Settings to finish the process.

Report this User

Report this user for behavior that violates our Community Guidelines.

Details: